| 000 | 00409nam a2200169Ia 4500 | ||
|---|---|---|---|
| 005 | 20250423095732.0 | ||
| 008 | 250422s9999 xx 000 0 und d | ||
| 020 | _a0072338822 | ||
| 050 | _aHG 4026 .S73/ | ||
| 100 | _aStandfield, John | ||
| 245 | 0 | _aInstructor’s manual to accompany corporate finance | |
| 260 | _aBoston | ||
| 260 | _bMcGraw-Hill | ||
| 260 | _c2001 | ||
| 300 | _a184 p | ||
| 942 | _cBK | ||
| 999 |
_c31175 _d31175 |
||